Girls Names that start with E - Statistics

General Stats
  • This quiz has been taken 1,706 times
  • The average score is 16 of 26
Answer Stats
Answer % Correct
Emma
93%
Emily
90%
Eve
88%
Ella
86%
Elizabeth
83%
Eva
83%
Elle
78%
Ellie
74%
Evelyn
74%
Erin
68%
Edie
66%
Esther
66%
Eleanor
60%
Ellen
60%
Erica
60%
Edith
54%
Edna
50%
Elise
45%
Elaine
44%
Esme
44%
Emerson
39%
Eden
36%
Evangeline
31%
Effie
29%
Emmeline
29%
Enid
24%
No matching quizzes found
Score Distribution
Percent of People with Each Score
Percentile by Number Answered
Your Score History
You have not taken this quiz